| 000 | 01988cam a2200265 4500 | ||
|---|---|---|---|
| 008 | #DATE n2003 000 0 eng u | ||
| 020 | _a184219139X | ||
| 035 | _a(Sirsi) u121285 | ||
| 041 | 0 | _aeng | |
| 050 | 0 | 4 | _a333.332 $2 18 |
| 110 | 2 |
_aRoyal Institution of Chartered Surveyors _bValuation Faculty _94354 |
|
| 245 | 0 | 4 |
_aThe capital and rental valuation of restaurants, bars, public houses and nightclubs in the UK _bValuation Information Paper No 2 _bprepared for the Asset and Valuation Standards Board by the Trading Related Valuation Group |
| 260 |
_aCoventry _bRICS _c2003 |
||
| 300 |
_av, 12p. _c30cm. |
||
| 490 | 0 | _aRICS Information Paper | |
| 490 | 0 |
_aRICS Valuation Information Paper _v2 |
|
| 505 | 2 | _aValuations of licensed properties fully equipped as operational entities -- Trading potential and personal goodwill -- Alternative basis for rental valuations -- Market analysis, comparables and factors affecting valuation -- Capitalisation -- Licences, consents, certificates and permits -- Valuations for loan security purposes -- Other property -- Confidentiality | |
| 520 | _aValuations of licensed properties fully equipped as operational entities -- Trading potential and personal goodwill -- Alternative basis for rental valuations -- Market analysis, comparables and factors affecting valuation -- Capitalisation -- Licences, consents, certificates and permits -- Valuations for loan security purposes -- Other property -- Confidentiality | ||
| 650 | 2 | 4 | _aRICS appraisal and valuation standards |
| 690 | _aPROPERTY-COMMERCIAL PROPERTY-LEISURE PROPERTY | ||
| 710 | 2 |
_aRoyal Institution of Chartered Surveyors _bAsset and Valuation Standards Board _94456 |
|
| 710 | 2 |
_aRoyal Institution of Chartered Surveyors _bTrading Related Valuation Group _94457 |
|
| 856 | 4 | 0 |
_uhttps://www.rics.org/Global/Downloads/CapitalAndRentalValuationORrestaurantsBarsPublicHousesAndNightclubsVIPNo22003.pdf _zView the full document free of charge at www.rics.org... |
| 942 | _n0 | ||
| 999 |
_c102642 _d102642 |
||